[Event "XXXIV Moglianoscacchi A"]
[Site "Mogliano Veneto ITA"]
[Date "2013.04.27"]
[Round "4"]
[White "Brunelli, Giovanni"]
[Black "Roberti, Ignazio"]
[WhiteElo "1968"]
[BlackElo "1902"]
[Result "1-0"]
[PlyCount "65"]
[EventDate "2013.04.25"]

1. e4 c5 2. Nf3 Nc6 3. d4 cxd4 4. Nxd4 Nf6 5. Nc3 e5 6. Ndb5 d6 7. Bg5 a6 8.
Na3 b5 9. Nd5 Be7 10. Bxf6 Bxf6 11. c3 Be6 12. Nc2 Bg5 13. a4 bxa4 14. Rxa4 a5
15. Bb5 Bd7 16. Ncb4 Rc8 17. Nxc6 Bxc6 18. Bxc6+ Rxc6 19. O-O O-O 20. Qd3 Rc5
21. b4 axb4 22. cxb4 Rc1 23. Rxc1 Bxc1 24. b5 Qd7 25. Qc4 Bb2 26. b6 Bd4 27.
Ra7 Qg4 28. Qc2 Rb8 29. Rc7 Bc5 30. b7 Kf8 31. h3 Qe6 32. Qa4 Qh6 33. Rc8+ 1-0

[Event "XXXIV Moglianoscacchi A"]
[Site "Mogliano Veneto ITA"]
[Date "2013.04.27"]
[Round "4"]
[White "Cardarelli, Angelo"]
[Black "Zamengo, Fulvio"]
[WhiteElo "1957"]
[BlackElo "2099"]
[Result "0-1"]
[PlyCount "56"]
[EventDate "2013.04.25"]

1. e4 e6 2. d4 d5 3. e5 c5 4. c3 Nc6 5. Nf3 Qb6 6. a3 Nh6 7. b4 cxd4 8. Bxh6
gxh6 9. cxd4 Bd7 10. Ra2 Be7 11. Rc2 O-O 12. Nc3 Qd8 13. Bd3 f6 14. O-O fxe5
15. dxe5 Rf7 16. Re1 Qf8 17. Ne2 Rxf3 18. gxf3 Nxe5 19. Nd4 Bd6 20. Kh1 Qf4 21.
Qd2 Nxd3 22. Qxf4 Nxf4 23. Ne2 Nxe2 24. Rcxe2 Kf7 25. Rg1 Bc6 26. Rg4 d4 27.
Kg2 e5 28. Rh4 Rg8+ 0-1

[Event "XXXIV Moglianoscacchi A"]
[Site "Mogliano Veneto ITA"]
[Date "2013.04.27"]
[Round "4"]
[White "Coratella, Giuseppe"]
[Black "Ceschia, Ivano"]
[WhiteElo "2230"]
[BlackElo "2272"]
[Result "1/2-1/2"]
[PlyCount "84"]
[EventDate "2013.04.25"]

1. e4 c5 2. Nf3 Nc6 3. d4 cxd4 4. Nxd4 Qb6 5. Nb3 Nf6 6. Nc3 e6 7. Be3 Qc7 8.
f4 d6 9. Be2 a6 10. O-O b5 11. Bf3 Bb7 12. Qe1 h5 13. Kh1 Be7 14. Bg1 h4 15. e5
dxe5 16. Nc5 Bxc5 17. Bxc5 Nd4 18. Qxe5 Qxe5 19. fxe5 Nxf3 20. exf6 Ng5 21.
fxg7 Rg8 22. h3 Rxg7 23. Bd4 Rg8 24. Kh2 Rd8 25. Rf4 b4 26. Ne2 Ne4 27. Rxh4
Nc3 28. Ng3 Ne2 29. Be5 f6 30. Re1 Rd2 31. Rxb4 Nxg3 32. Rxb7 Nf1+ 33. Rxf1
Rgxg2+ 34. Kh1 fxe5 35. Re1 Rh2+ 36. Kg1 Rdg2+ 37. Kf1 Rxc2 38. Kg1 Rhd2 39. h4
e4 40. Rb4 Rg2+ 41. Kh1 Rh2+ 42. Kg1 Rxh4 1/2-1/2

[Event "XXXIV Moglianoscacchi A"]
[Site "Mogliano Veneto ITA"]
[Date "2013.04.27"]
[Round "4"]
[White "Dorigo, Tommaso"]
[Black "Della Sala, Bruno"]
[WhiteElo "1982"]
[BlackElo "1928"]
[Result "1-0"]
[PlyCount "143"]
[EventDate "2013.04.25"]

1. e4 e5 2. Nf3 Nc6 3. Bb5 a6 4. Ba4 f5 5. d4 exd4 6. e5 Bc5 7. O-O Nge7 8. Bb3
h6 9. Re1 d5 10. exd6 Qxd6 11. Nbd2 Qf6 12. Nc4 g5 13. Nce5 Nxe5 14. Nxe5 f4
15. Qh5+ Kf8 16. Bd2 Bf5 17. Qf3 c6 18. c3 d3 19. Nxd3 Bd6 20. c4 g4 21. Qe2 f3
22. Qf1 Bxh2+ 23. Kxh2 Qh4+ 24. Kg1 fxg2 25. Qxg2 Bxd3 26. Re3 Bf5 27. Bb4 Rh7
28. Rae1 Re8 29. Re5 Qf6 30. Qg3 b6 31. Bc3 Qg6 32. Qe3 Qg5 33. Qd4 c5 34. Qd6
g3 35. f4 Qg6 36. Qxg6 Bxg6 37. Re6 h5 38. Kg2 h4 39. Rf6+ Rf7 40. Ba4 Rb8 41.
Rxe7 Kxe7 42. Rxg6 Rxf4 43. Rg7+ Rf7 44. Rxf7+ Kxf7 45. Bc6 b5 46. Kh3 Ke7 47.
Kxh4 Rg8 48. Bg2 bxc4 49. Be5 Ke6 50. Bxg3 Kf5 51. Bh3+ Ke4 52. Be6 Rh8+ 53.
Kg4 Kd3 54. Be5 Re8 55. Bf5+ Ke3 56. Bf4+ Kd4 57. Bd2 Rb8 58. Bc3+ Ke3 59. Be6
Kd3 60. Kf4 a5 61. Ke5 a4 62. a3 Kc2 63. Bf5+ Kb3 64. Kd5 Rg8 65. Be4 Rg5+ 66.
Kc6 Rh5 67. Bf3 Rh2 68. Kxc5 Rxb2 69. Bxb2 Kxb2 70. Kb4 c3 71. Bd1 Ka2 72. Bxa4
1-0

[Event "XXXIV Moglianoscacchi A"]
[Site "Mogliano Veneto ITA"]
[Date "2013.04.27"]
[Round "4"]
[White "Garonzi, Martino"]
[Black "Boscolo, Marco"]
[WhiteElo "2011"]
[BlackElo "2145"]
[Result "0-1"]
[PlyCount "66"]
[EventDate "2013.04.25"]

1. e4 d6 2. d4 Nf6 3. Nc3 e5 4. Nf3 Nbd7 5. Bc4 Be7 6. O-O O-O 7. Re1 c6 8. a4
b6 9. Bg5 h6 10. Bh4 Bb7 11. Bg3 Qc7 12. Nh4 Rfe8 13. Nf5 Bf8 14. f4 a6 15. Bb3
b5 16. axb5 axb5 17. Rxa8 Bxa8 18. fxe5 dxe5 19. Kh1 b4 20. Na4 Qa5 21. dxe5
Nxe5 22. Bxe5 Qxe5 23. Nb6 Nxe4 24. Rf1 Nf6 25. Nc4 Qe2 26. Ncd6 Bxd6 27. Nxd6
c5 28. Qxe2 Rxe2 29. Rg1 Bd5 30. Bxd5 Nxd5 31. Rc1 Ne3 32. Ne4 c4 33. Nd6 Rd2
0-1

[Event "XXXIV Moglianoscacchi A"]
[Site "Mogliano Veneto ITA"]
[Date "2013.04.27"]
[Round "4"]
[White "Simonetto, Adriano"]
[Black "Santolini, Luigi"]
[WhiteElo "2019"]
[BlackElo "2142"]
[Result "1-0"]
[PlyCount "71"]
[EventDate "2013.04.25"]

1. d4 Nf6 2. c4 c5 3. d5 b5 4. cxb5 a6 5. bxa6 g6 6. Nc3 Bxa6 7. Nf3 d6 8. e4
Bxf1 9. Kxf1 Bg7 10. g3 O-O 11. Kg2 Nbd7 12. a4 Ng4 13. Qe2 Qb6 14. Nd2 Ngf6
15. Nc4 Qa6 16. Nb5 Nb6 17. Nxb6 Qxb6 18. Bd2 Ne8 19. Bc3 Nc7 20. Bxg7 Kxg7 21.
b4 cxb4 22. Qb2+ Kg8 23. Nxc7 Qxc7 24. Qxb4 Rfb8 25. Qd4 Qa5 26. Rhb1 f6 27.
Rxb8+ Rxb8 28. Rc1 Rb4 29. Rc4 Rb3 30. Qd1 Ra3 31. Qg4 f5 32. Qh4 Qa7 33. exf5
Ra2 34. Qf4 Kg7 35. fxg6 hxg6 36. Rc8 1-0

[Event "XXXIV Moglianoscacchi A"]
[Site "Mogliano Veneto ITA"]
[Date "2013.04.27"]
[Round "4"]
[White "Solomon, Kenny"]
[Black "Sorbera, Giovanni"]
[WhiteElo "2406"]
[BlackElo "2168"]
[Result "1-0"]
[PlyCount "73"]
[EventDate "2013.04.25"]

1. Nf3 Nf6 2. c4 e6 3. g3 b6 4. Bg2 Bb7 5. O-O Be7 6. d4 d6 7. d5 e5 8. Nc3 a5
9. b3 Na6 10. Bb2 Nd7 11. Ne1 O-O 12. e4 Ndc5 13. Nc2 Bc8 14. Ne3 a4 15. Ba3
axb3 16. axb3 Bg5 17. Re1 Bd7 18. b4 Nb7 19. Qc2 g6 20. Bb2 Qc8 21. Qe2 Nd8 22.
h4 Bh6 23. Ra3 c6 24. dxc6 Be6 25. Ncd5 Bxd5 26. exd5 f6 27. Rea1 Nc7 28. Rxa8
Nxa8 29. c5 bxc5 30. bxc5 Nf7 31. cxd6 Nxd6 32. Ba3 Rd8 33. Bxd6 Rxd6 34. Qa6
Rd8 35. Qxc8 Rxc8 36. d6 Bf8 37. d7 1-0

[Event "XXXIV Moglianoscacchi A"]
[Site "Mogliano Veneto ITA"]
[Date "2013.04.27"]
[Round "4"]
[White "Vianello, Enrico"]
[Black "Lodici, Lorenzo"]
[WhiteElo "2146"]
[BlackElo "2051"]
[Result "1-0"]
[PlyCount "121"]
[EventDate "2013.04.25"]

1. Nf3 d5 2. d4 Nf6 3. c4 dxc4 4. e3 Bg4 5. Bxc4 e6 6. b3 Nbd7 7. O-O a6 8.
Nbd2 c5 9. h3 Bh5 10. Bb2 cxd4 11. exd4 Be7 12. Re1 b5 13. Bd3 O-O 14. a4 Qb6
15. axb5 axb5 16. Qe2 b4 17. Qf1 Bg6 18. Bxg6 hxg6 19. Nc4 Qb7 20. Nfe5 Qd5 21.
Rad1 Rab8 22. Rd3 Nb6 23. Ra1 Nfd7 24. Ra7 Rfe8 25. Ne3 Qd6 26. Nxd7 Nxd7 27.
d5 Nc5 28. Nc4 Qd8 29. Rd1 exd5 30. Ne3 Qb6 31. Rxe7 Rxe7 32. Nxd5 Qe6 33.
Nxe7+ Qxe7 34. Qc4 Ne6 35. Qe4 Qb7 36. Qe5 Rc8 37. Rd5 Qa7 38. Ra5 Qc7 39. Qxc7
Rxc7 40. Rb5 Rc2 41. Be5 Nc5 42. Rxb4 Nd3 43. Rb8+ Kh7 44. Bd4 Rc1+ 45. Kh2 g5
46. b4 Rc4 47. Be3 Rxb4 48. Rxb4 Nxb4 49. Bxg5 f5 50. Kg3 Nd5 51. Bd2 Kg6 52.
Kf3 Kf6 53. Bc1 g5 54. g3 Kg6 55. Bb2 Kh5 56. Be5 Kg6 57. Ke2 Ne7 58. Kd3 Nd5
59. Kd4 Nb4 60. Kc4 Nc2 61. Bc3 1-0

[Event "XXXIV Moglianoscacchi A"]
[Site "Mogliano Veneto ITA"]
[Date "2013.04.27"]
[Round "4"]
[White "Xia, Jie"]
[Black "Basso, Pier Luigi"]
[WhiteElo "2275"]
[BlackElo "2222"]
[Result "1-0"]
[PlyCount "57"]
[EventDate "2013.04.25"]

1. e4 c5 2. Nf3 e6 3. c3 d5 4. e5 Nc6 5. d4 Qb6 6. Bd3 Bd7 7. dxc5 Bxc5 8. O-O
f6 9. b4 Be7 10. b5 Nxe5 11. Nxe5 fxe5 12. Qh5+ Kd8 13. Qxe5 Nf6 14. Bf4 Rf8
15. Bg3 Rc8 16. a4 g6 17. Qe2 Nh5 18. c4 Nxg3 19. hxg3 dxc4 20. Bxc4 Qd4 21.
Nd2 Bb4 22. Bd3 Rc3 23. Be4 b6 24. Rad1 Qf6 25. Bc6 Rf7 26. Ne4 Qe5 27. Nxc3
Bxc3 28. Qxe5 Bxe5 29. Rfe1 1-0

[Event "XXXIV Moglianoscacchi A"]
[Site "Mogliano Veneto ITA"]
[Date "2013.04.28"]
[Round "5"]
[White "Basso, Pier Luigi"]
[Black "Vianello, Enrico"]
[WhiteElo "2222"]
[BlackElo "2146"]
[Result "1-0"]
[PlyCount "83"]
[EventDate "2013.04.25"]

1. e4 d6 2. d4 Nf6 3. Nc3 e5 4. dxe5 dxe5 5. Qxd8+ Kxd8 6. Be3 a6 7. Bc4 Ke8 8.
f4 Nbd7 9. Nd5 Bd6 10. fxe5 Nxd5 11. exd5 Nxe5 12. Be2 Bf5 13. O-O-O Be4 14.
Nf3 Nxf3 15. gxf3 Bf5 16. Bd4 f6 17. b3 Kf7 18. Kd2 Rhe8 19. Bd3 Bf4+ 20. Kc3
Bxd3 21. Kxd3 Rad8 22. c4 c6 23. dxc6 bxc6 24. Kc3 Re2 25. Kb4 Rxa2 26. Kc5 Rd6
27. Bc3 Ke7 28. Rxd6 Bxd6+ 29. Kxc6 Bxh2 30. c5 Rc2 31. b4 Rxc3 32. Rxh2 Rb3
33. Rxh7 Rxb4 34. Rxg7+ Ke6 35. Rb7 a5 36. Rb5 Rf4 37. Rb3 Rb4 38. Re3+ Kf5 39.
Kd5 Rb1 40. c6 Rc1 41. Kd6 Kf4 42. Rd3 1-0

[Event "XXXIV Moglianoscacchi A"]
[Site "Mogliano Veneto ITA"]
[Date "2013.04.28"]
[Round "5"]
[White "Boscolo, Marco"]
[Black "Boraso, Alessio"]
[WhiteElo "2145"]
[BlackElo "2085"]
[Result "0-1"]
[PlyCount "96"]
[EventDate "2013.04.25"]

1. d4 Nf6 2. Nf3 g6 3. g3 Bg7 4. Bg2 O-O 5. O-O d6 6. c4 Nc6 7. Nc3 a6 8. h3
Bd7 9. e4 e5 10. Be3 b5 11. dxe5 dxe5 12. cxb5 axb5 13. a3 Qc8 14. Kh2 Rd8 15.
Qc2 Nd4 16. Nxd4 exd4 17. Bxd4 Ng4+ 18. hxg4 Bxd4 19. Nd5 Qa6 20. Rac1 Qa7 21.
g5 c5 22. Nf6+ Kg7 23. e5 Rac8 24. Nxd7 Rxd7 25. Bh3 Rh8 26. Bxd7 Qxd7 27. Kg2
Qd5+ 28. f3 Qxe5 29. Qe4 Qxg5 30. Rc2 h5 31. Rh1 Rf8 32. Re1 Rd8 33. Ree2 Rh8
34. Qe7 Qd5 35. Qe4 Qg5 36. Qe7 Qf5 37. Qe4 Qf6 38. Rcd2 h4 39. Qf4 Qd8 40. Re4
h3+ 41. Kh2 Re8 42. Rxe8 Qxe8 43. Qe4 Qd7 44. Rd3 Qc8 45. b4 Bf6 46. bxc5 Qxc5
47. Kxh3 Qg1 48. Qe2 Qh1+ 0-1

[Event "XXXIV Moglianoscacchi A"]
[Site "Mogliano Veneto ITA"]
[Date "2013.04.28"]
[Round "5"]
[White "Capaliku, Aleks"]
[Black "Barp, Alberto"]
[WhiteElo "2157"]
[BlackElo "1911"]
[Result "1/2-1/2"]
[PlyCount "77"]
[EventDate "2013.04.25"]

1. e4 c6 2. Nf3 d5 3. exd5 cxd5 4. d4 Nf6 5. c3 Nc6 6. Bd3 Bg4 7. h3 Bh5 8. Bf4
e6 9. Nbd2 Bd6 10. Bxd6 Qxd6 11. O-O O-O 12. Re1 a6 13. Qb1 Bg6 14. Ne5 Bxd3
15. Qxd3 Nd7 16. f4 f6 17. Nxd7 Qxd7 18. Qg3 Rae8 19. Nf3 Qc7 20. h4 b5 21. a3
Na5 22. Re2 Nc4 23. Rae1 Qd7 24. Qg4 Nd6 25. Nd2 f5 26. Qh3 Ne4 27. Nf3 a5 28.
Ne5 Qb7 29. Nd3 Rb8 30. Qf3 Qe7 31. g3 Rfe8 32. Kh2 g6 33. Ra1 h5 34. Rae1 Qb7
35. Nc5 Qc7 36. Nd3 Kg7 37. Ra1 Qc4 38. Qe3 Rb6 39. Rc1 1/2-1/2

[Event "XXXIV Moglianoscacchi A"]
[Site "Mogliano Veneto ITA"]
[Date "2013.04.28"]
[Round "5"]
[White "Ceschia, Ivano"]
[Black "Cardarelli, Angelo"]
[WhiteElo "2272"]
[BlackElo "1957"]
[Result "1-0"]
[PlyCount "99"]
[EventDate "2013.04.25"]

1. e4 e6 2. d4 d5 3. Nc3 Nf6 4. Bg5 dxe4 5. Nxe4 Be7 6. Bxf6 Bxf6 7. Nf3 O-O 8.
Qd2 Nd7 9. O-O-O b6 10. Bb5 Bb7 11. Qf4 Be7 12. Ne5 Nf6 13. Nc6 Bd6 14. Qh4
Bxc6 15. Bxc6 Nxe4 16. Qxe4 Qg5+ 17. Kb1 Rad8 18. Rhe1 Qf4 19. c3 Qxe4+ 20.
Rxe4 g6 21. g3 Kg7 22. Kc2 h5 23. h4 Rb8 24. c4 Rfd8 25. a3 a5 26. f4 Kf8 27.
Kc3 Be7 28. b4 Bf6 29. Kb3 axb4 30. axb4 Rd6 31. b5 Rbd8 32. d5 exd5 33. cxd5
Kg7 34. Kc4 Rf8 35. Rde1 Bd8 36. Ra1 Kf6 37. Re5 Kg7 38. Ra7 Kf6 39. Kd3 Kg7
40. Ke3 Kf6 41. Kf3 Rh8 42. Rb7 Rg8 43. Re2 Kf5 44. Ra2 f6 45. Ra8 Rg7 46. Rbb8
Rg8 47. Rc8 g5 48. Rxc7 Bxc7 49. Rxg8 gxh4 50. Rg7 1-0

[Event "XXXIV Moglianoscacchi A"]
[Site "Mogliano Veneto ITA"]
[Date "2013.04.28"]
[Round "5"]
[White "Danieli, Enrico"]
[Black "Simonetto, Adriano"]
[WhiteElo "2129"]
[BlackElo "2019"]
[Result "1/2-1/2"]
[PlyCount "37"]
[EventDate "2013.04.25"]

1. Nc3 d5 2. e4 dxe4 3. Nxe4 e5 4. Bc4 Nc6 5. Nf3 Be7 6. d3 Bg4 7. c3 Qd7 8. b4
O-O-O 9. Qa4 Bxf3 10. gxf3 Nf6 11. Be3 Nd5 12. Bxa7 Nb6 13. Bxb6 cxb6 14. Qb3
Kc7 15. Rd1 Qh3 16. Ke2 f5 17. Ng3 Bxb4 18. Bb5 Bc5 19. Qf7+ 1/2-1/2

[Event "XXXIV Moglianoscacchi A"]
[Site "Mogliano Veneto ITA"]
[Date "2013.04.28"]
[Round "5"]
[White "Della Sala, Bruno"]
[Black "Balzano, Filli"]
[WhiteElo "1928"]
[BlackElo "1944"]
[Result "1/2-1/2"]
[PlyCount "73"]
[EventDate "2013.04.25"]

1. d4 d5 2. c4 c6 3. Nf3 Nf6 4. e3 Bg4 5. Nc3 e6 6. h3 Bf5 7. g4 Bg6 8. Ne5
Nbd7 9. Nxg6 hxg6 10. Bg2 dxc4 11. Qe2 Nb6 12. a4 a5 13. O-O Qc7 14. e4 O-O-O
15. Be3 Nfd7 16. Rac1 e5 17. d5 Nc5 18. b4 Nd3 19. bxa5 Nd7 20. Na2 Nxc1 21.
Rxc1 Bc5 22. Bxc5 Nxc5 23. Qxc4 Nd7 24. dxc6 bxc6 25. Qa6+ Qb7 26. Rxc6+ Kb8
27. Qb5 Qxb5 28. axb5 Rc8 29. Nb4 Rxc6 30. Nxc6+ Kc7 31. Bf1 f6 32. Ne7 Kd6 33.
Nd5 Ra8 34. a6 Kc5 35. h4 Nb6 36. Nxb6 Kxb6 37. Kg2 1/2-1/2

[Event "XXXIV Moglianoscacchi A"]
[Site "Mogliano Veneto ITA"]
[Date "2013.04.28"]
[Round "5"]
[White "Klundt, Klaus"]
[Black "Garonzi, Martino"]
[WhiteElo "2351"]
[BlackElo "2011"]
[Result "1-0"]
[PlyCount "99"]
[EventDate "2013.04.25"]

1. e4 c5 2. Nf3 d6 3. d4 cxd4 4. Nxd4 Nf6 5. Nc3 g6 6. Bc4 Bg7 7. h3 O-O 8. Bb3
Nc6 9. Be3 Bd7 10. O-O Nxd4 11. Bxd4 b5 12. f4 b4 13. Nd5 Nxd5 14. Bxd5 Rc8 15.
Rf2 a5 16. Bxg7 Kxg7 17. Qd4+ f6 18. a3 e6 19. Bb7 Rb8 20. Ba6 Qb6 21. Qxb6
Rxb6 22. Bc4 Rc8 23. b3 a4 24. axb4 Rxb4 25. Rd2 Rb6 26. Bf1 axb3 27. cxb3 Rc7
28. Bc4 f5 29. Rad1 Rcc6 30. Ra2 Rc7 31. Ra6 Rxa6 32. Bxa6 Rc6 33. Bb5 Rc7 34.
Bxd7 Rxd7 35. e5 d5 36. b4 Rb7 37. Rb1 g5 38. Kf2 Kg6 39. Kf3 Rb5 40. g3 Kh5
41. Ke3 Kg6 42. Rb2 Kh5 43. Rb3 Kg6 44. Kd2 gxf4 45. gxf4 Kh5 46. Kc2 Kh4 47.
Kb2 d4 48. Ka3 Rd5 49. Rd3 Rd8 50. b5 1-0

[Event "XXXIV Moglianoscacchi A"]
[Site "Mogliano Veneto ITA"]
[Date "2013.04.28"]
[Round "5"]
[White "Lodici, Lorenzo"]
[Black "Brunelli, Giovanni"]
[WhiteElo "2051"]
[BlackElo "1968"]
[Result "1-0"]
[PlyCount "45"]
[EventDate "2013.04.25"]

1. d4 f5 2. Nc3 d5 3. Bg5 Nf6 4. Bxf6 exf6 5. e3 Nc6 6. a3 Be6 7. Bd3 Qd7 8.
Nge2 O-O-O 9. b3 g5 10. f4 Rg8 11. O-O h5 12. Na4 Bd6 13. c4 Qg7 14. Qc2 Kb8
15. Nac3 gxf4 16. Nxf4 Bxf4 17. Rxf4 Qg5 18. cxd5 Bxd5 19. Nxd5 Rxd5 20. Bc4
Nxd4 21. Qf2 Ne6 22. Bxd5 Nxf4 23. exf4 1-0

[Event "XXXIV Moglianoscacchi A"]
[Site "Mogliano Veneto ITA"]
[Date "2013.04.28"]
[Round "5"]
[White "Santolini, Luigi"]
[Black "Roberti, Ignazio"]
[WhiteElo "2142"]
[BlackElo "1902"]
[Result "1-0"]
[PlyCount "109"]
[EventDate "2013.04.25"]

1. e4 c5 2. c3 d5 3. exd5 Qxd5 4. d4 Nf6 5. Nf3 Nc6 6. Be2 e6 7. O-O Be7 8. Na3
O-O 9. Nb5 Qd8 10. dxc5 Bxc5 11. b4 Be7 12. Qb3 a6 13. Rd1 Nd5 14. Nbd4 Qc7 15.
Bd2 Bf6 16. Nxc6 Qxc6 17. Rac1 e5 18. c4 Ne7 19. Be3 Be6 20. Bc5 Rfe8 21. Qe3
Nf5 22. Qa3 Rac8 23. g4 Nh4 24. Nxh4 Bxh4 25. Bf3 e4 26. Rd6 Qc7 27. Bxe4 Bxg4
28. Qd3 h5 29. h3 Be6 30. Qf3 g6 31. Bxb7 Rcd8 32. Rxa6 Qe5 33. Be3 Be7 34. c5
Rd3 35. Be4 Rc3 36. Rd1 Bxh3 37. Bxg6 Be6 38. Be4 Qg7+ 39. Qg2 Bg4 40. Bd4 Qg5
41. Bxc3 Bxd1 42. Qxg5+ Bxg5 43. f3 Be3+ 44. Kg2 Be2 45. Ra8 Rxa8 46. Bxa8 Bb5
47. Be5 Kf8 48. c6 Ke7 49. Bb7 Ke6 50. c7 Bd7 51. Bb2 Bd2 52. b5 Bb4 53. c8=Q
Bxc8 54. Bxc8+ Kd5 55. b6 1-0

[Event "XXXIV Moglianoscacchi A"]
[Site "Mogliano Veneto ITA"]
[Date "2013.04.28"]
[Round "5"]
[White "Xia, Jie"]
[Black "Solomon, Kenny"]
[WhiteElo "2275"]
[BlackElo "2406"]
[Result "1/2-1/2"]
[PlyCount "124"]
[EventDate "2013.04.25"]

1. e4 e5 2. Nf3 Nc6 3. Bc4 Bc5 4. d3 Nf6 5. c3 a6 6. O-O Ba7 7. Bb3 d6 8. h3
O-O 9. Re1 h6 10. Nbd2 Re8 11. Nf1 Be6 12. Ng3 d5 13. exd5 Bxd5 14. Ne4 Nh7 15.
Bxd5 Qxd5 16. Nh4 Rad8 17. Qg4 Qe6 18. Nf5 Qg6 19. Qf3 Ne7 20. Neg3 Nxf5 21.
Nxf5 Bc5 22. Bd2 Nf6 23. Rad1 c6 24. Bc1 e4 25. dxe4 Rxd1 26. Rxd1 Nxe4 27. Be3
Bxe3 28. Nxe3 Ng5 29. Qg3 Qe6 30. a3 Ne4 31. Qg4 g6 32. Qxe6 Rxe6 33. Rd7 Nc5
34. Rd8+ Kg7 35. b4 Ne4 36. Rd7 b5 37. c4 c5 38. Rb7 cxb4 39. axb4 bxc4 40.
Nxc4 Nc3 41. Ne3 h5 42. Kf1 Re5 43. Rc7 Ne4 44. Rc6 Rb5 45. f3 Nf6 46. Nc2 a5
47. bxa5 Rxa5 48. Rc4 Ra2 49. Ne3 Ra3 50. Nc2 Ra5 51. Ne3 Nh7 52. h4 Nf8 53.
Kf2 Ne6 54. g3 f5 55. Rc6 Ra2+ 56. Rc2 Ra3 57. Rc6 Kf6 58. Nc4 Ra2+ 59. Ke3 Ke7
60. Ne5 Ra3+ 61. Kf2 Ra2+ 62. Ke3 Ra3+ 1/2-1/2

[Event "XXXIV Moglianoscacchi A"]
[Site "Mogliano Veneto ITA"]
[Date "2013.04.28"]
[Round "5"]
[White "Zamengo, Fulvio"]
[Black "Sorbera, Giovanni"]
[WhiteElo "2099"]
[BlackElo "2168"]
[Result "1/2-1/2"]
[PlyCount "127"]
[EventDate "2013.04.25"]

1. e4 c5 2. Nf3 Nc6 3. d4 cxd4 4. Nxd4 Nf6 5. Nc3 e5 6. Ndb5 d6 7. Bg5 a6 8.
Na3 b5 9. Nd5 Be7 10. Bxf6 Bxf6 11. c3 Bg5 12. Nc2 O-O 13. h4 Bh6 14. g3 Ne7
15. Bg2 Nxd5 16. Qxd5 Be6 17. Qd1 a5 18. O-O Qb6 19. Re1 b4 20. cxb4 axb4 21.
Ne3 Bxe3 22. Rxe3 Rfc8 23. a3 b3 24. Rc1 Qd4 25. Rb1 Rc2 26. Qxd4 exd4 27. Rd3
Ra4 28. Bf3 Rac4 29. Kg2 Rc1 30. Rxc1 Rxc1 31. Bd1 Rc2 32. a4 Rxb2 33. a5 Rb1
34. Rxd4 h5 35. a6 b2 36. a7 Ra1 37. Rb4 Rxa7 38. Rxb2 g6 39. Rb6 Rd7 40. Rb8+
Kg7 41. Ba4 Ra7 42. Bb5 Kf6 43. Rb6 Ke5 44. Bd3 Ra2 45. Kf3 Ra3 46. Ke2 d5 47.
exd5 Bg4+ 48. Kd2 Kxd5 49. Ra6 Rb3 50. Ra5+ Kd6 51. Ra6+ Ke7 52. Ra7+ Kf8 53.
Bc4 Rf3 54. Ke1 Rf6 55. Ra1 Kg7 56. Bd5 Rd6 57. Bg2 f6 58. Kf1 g5 59. hxg5 fxg5
60. Rc1 h4 61. gxh4 gxh4 62. Rc7+ Kh8 63. Be4 h3 64. Kg1 1/2-1/2

[Event "XXXIV Moglianoscacchi A"]
[Site "Mogliano Veneto ITA"]
[Date "2013.04.28"]
[Round "6"]
[White "Balzano, Filli"]
[Black "Santolini, Luigi"]
[WhiteElo "1944"]
[BlackElo "2142"]
[Result "1/2-1/2"]
[PlyCount "28"]
[EventDate "2013.04.25"]

1. e4 c5 2. c3 Nf6 3. e5 Nd5 4. Nf3 Nc6 5. d4 cxd4 6. cxd4 e6 7. Bc4 d6 8. O-O
Be7 9. Qe2 O-O 10. Bd2 b6 11. Nc3 Nxc3 12. Bxc3 Bb7 13. Bd3 dxe5 14. dxe5 Qc7
1/2-1/2

[Event "XXXIV Moglianoscacchi A"]
[Site "Mogliano Veneto ITA"]
[Date "2013.04.28"]
[Round "6"]
[White "Barp, Alberto"]
[Black "Dorigo, Tommaso"]
[WhiteElo "1911"]
[BlackElo "1982"]
[Result "0-1"]
[PlyCount "56"]
[EventDate "2013.04.25"]

1. d4 d5 2. c4 Bf5 3. Nc3 e6 4. cxd5 exd5 5. Qb3 Nc6 6. Qxb7 Nxd4 7. e4 Rb8 8.
Qa6 Nc2+ 9. Kd1 Nb4 10. Bb5+ Bd7 11. Bxd7+ Qxd7 12. Qxa7 dxe4+ 13. Bd2 Nc6 14.
Qe3 f5 15. f3 Rxb2 16. fxe4 Bc5 17. Qe1 Bb4 18. exf5+ Nge7 19. Rc1 O-O 20. Nf3
Rxf5 21. Qe4 Rc5 22. Nb1 Rd5 23. Qe3 Ne5 24. Nxe5 Rxe5 25. Qf4 Rd5 26. Rxc7
Rxb1+ 27. Kc2 Rxd2+ 28. Kxb1 Qd3+ 0-1

[Event "XXXIV Moglianoscacchi A"]
[Site "Mogliano Veneto ITA"]
[Date "2013.04.28"]
[Round "6"]
[White "Boraso, Alessio"]
[Black "Xia, Jie"]
[WhiteElo "2085"]
[BlackElo "2275"]
[Result "0-1"]
[PlyCount "38"]
[EventDate "2013.04.25"]

1. d4 g6 2. c4 Bg7 3. e4 d6 4. Nc3 Nc6 5. Be3 e5 6. dxe5 Nxe5 7. Be2 Nf6 8. h4
Be6 9. h5 c6 10. h6 Bf8 11. Bg5 Be7 12. f4 Ned7 13. Qc2 Ng4 14. Nf3 Qb6 15. Bd3
Qe3+ 16. Ne2 Bxg5 17. Nxg5 Nf2 18. Rd1 Nc5 19. Qc3 Nfxd3+ 0-1

[Event "XXXIV Moglianoscacchi A"]
[Site "Mogliano Veneto ITA"]
[Date "2013.04.28"]
[Round "6"]
[White "Boscolo, Marco"]
[Black "Klundt, Klaus"]
[WhiteElo "2145"]
[BlackElo "2351"]
[Result "0-1"]
[PlyCount "73"]
[EventDate "2013.04.25"]

1. d4 d5 2. Nf3 Nf6 3. c4 c6 4. Nc3 e6 5. cxd5 exd5 6. Bg5 Be7 7. Qc2 g6 8. e3
Bf5 9. Bd3 Bxd3 10. Qxd3 Nbd7 11. O-O O-O 12. Rab1 a5 13. a3 a4 14. Qc2 Qa5 15.
Ne5 Rfe8 16. Bxf6 Nxf6 17. Nd3 Bd6 18. Rbc1 Re7 19. Ne2 Ne4 20. Rfd1 Qc7 21. h3
Kg7 22. Nc3 Nxc3 23. Qxc3 f5 24. Qd2 Rc8 25. Re1 Qb6 26. f4 Re4 27. Nf2 Re6 28.
Kh1 g5 29. g3 Rh6 30. Kg2 Rg6 31. Kh2 h5 32. h4 gxh4 33. gxh4 Qd8 34. Kh3 Qe7
35. Nd3 Qe4 36. Qc2 Kh6 37. Rg1 0-1

[Event "XXXIV Moglianoscacchi A"]
[Site "Mogliano Veneto ITA"]
[Date "2013.04.28"]
[Round "6"]
[White "Brunelli, Giovanni"]
[Black "Ceschia, Ivano"]
[WhiteElo "1968"]
[BlackElo "2272"]
[Result "0-1"]
[PlyCount "92"]
[EventDate "2013.04.25"]

1. e4 c5 2. Nf3 Nc6 3. d4 cxd4 4. Nxd4 Qb6 5. Nb3 Nf6 6. Nc3 e6 7. Be3 Qc7 8.
a3 a6 9. Be2 b5 10. O-O d6 11. f4 Bb7 12. Qe1 h5 13. f5 b4 14. axb4 Nxb4 15.
Nb5 axb5 16. Qxb4 Rb8 17. Bxb5+ Kd8 18. fxe6 d5 19. Bc5 Bxc5+ 20. Qxc5 fxe6 21.
Qxc7+ Kxc7 22. e5 Ng4 23. Nd4 Nxe5 24. Nxe6+ Kd6 25. Nxg7 Rbg8 26. Nf5+ Kc5 27.
Ba6 Ba8 28. b4+ Kxb4 29. Rfb1+ Kc3 30. Ra3+ Kd2 31. Nd4 Rg4 32. Nf3+ Nxf3+ 33.
Rxf3 Kxc2 34. Re1 Rd4 35. Re2+ Kc1 36. Rc3+ Kd1 37. Rf3 Rd2 38. Rxd2+ Kxd2 39.
Rd3+ Kc2 40. Rf3 d4 41. Rf2+ Kc3 42. h3 d3 43. Bxd3 Kxd3 44. g4 h4 45. Rf5 Ke3
46. Ra5 Rd8 0-1

[Event "XXXIV Moglianoscacchi A"]
[Site "Mogliano Veneto ITA"]
[Date "2013.04.28"]
[Round "6"]
[White "Coratella, Giuseppe"]
[Black "Capaliku, Aleks"]
[WhiteElo "2230"]
[BlackElo "2157"]
[Result "1-0"]
[PlyCount "89"]
[EventDate "2013.04.25"]

1. e4 e5 2. Nf3 Nc6 3. c4 d6 4. Nc3 g6 5. g3 Bg7 6. Bg2 Bg4 7. h3 Bd7 8. O-O g5
9. Ne1 h5 10. d3 h4 11. g4 Nd4 12. Nd5 f6 13. Nc2 Ne6 14. Nce3 Nf4 15. Nxf4
gxf4 16. Nf5 Bxf5 17. exf5 c6 18. b4 Ne7 19. b5 Qc7 20. a4 c5 21. a5 O-O 22. a6
d5 23. axb7 Qxb7 24. Qa4 Rfd8 25. Qa6 Qc7 26. Qe6+ Kf8 27. Ra6 Rab8 28. g5 Rb6
29. Rxb6 Qxb6 30. gxf6 Bxf6 31. Bxd5 Nxd5 32. cxd5 Qxe6 33. dxe6 Rxd3 34. Re1
Rb3 35. Rd1 Rb1 36. Kf1 e4 37. Ke1 Bc3+ 38. Ke2 f3+ 39. Ke3 Ke8 40. Kxe4 Bb2
41. Bxb2 Rxd1 42. f6 Rd2 43. Be5 Rd1 44. Bf4 Rd4+ 45. Ke5 1-0